000 00748nam a2200229Ia 4500
003 GCL
008 140319s9999 xx 000 0 ara d
040 _aGCL /
_cGCL
082 0 4 _a342.04م ر
100 1 _aمحسن العبودى
245 1 0 _aرئيس الدولة بين النظم المعاصرة والفكر السياسى الاسلامى /
_cمحسن العبودى
260 _a[S.N] :
_bدار النهضة العربية ،
_c1990
300 _a293 ص
490 _a
650 0 4 _aالعصر الحديث
650 0 4 _aمصر
650 0 4 _aالنظم السياسية
650 0 4 _aرؤساء الجمهورية
650 0 4 _aالاسلام السياسى
650 0 4 _aالاسلام والسياسة
942 _2ddc
_cBK
999 _c55639
_d55639